1417 1810 1037 1178 1489 1333 1953 1380 1070 1518 1842 1121 1590 1986 1232 1077 1028 1085 1888 1819 1227 1991 1964 1562 1364 1086 1308 1688 1265 1961 1354 1147 1926 1448 1498 1190 1419 1905 1551 1417 1546 1120 1712 1753 1481 1475 1752 1217 1857 1492 1933 1078 1864 1734 1450 1329 1654 1850 1256 1342 1317 1572 1440 1747 1455 1650 1922 1739 1712 1199 1623 1157 1977 1642 1611 1971 1802 1997 1332 1538 1983 1174 1918 1689 1386 1791 1415 1286 1956 1626 1913 1493 1139 1956 1233 1257 1681 1120 1344 BCNSPRNW ULIB Ver.6.0+V

เปลี่ยนเป็นภาษาไทย

Change to English
 แสดงรายละเอียดบรรณานุกรม
  กลับหน้าหลัก

Brief Record : Get Marc (ISO 2709) : E-mail record : QR code < ปิดหน้าต่าง
LEADER : 00000nam 2200000uu 4500
001    13399115178
003     ULIB
008    120718s2551||||th 000 0 tha d
020    ^a9789740921547
060 04 ^aWM105^bป525 2551
245 10 ^aปัญหาจิต ปัญหาใจ ปัญหาเด็ก--เด็ก--ปัญหาผู้ใหญ่แก้ไขได้ด้วยตัวคุณ / ^cคณะแพทยศาสตร์ จุฬาลงกรณ์มหาวิทยาลัย ; บรรณาธิการ ภุชงค์ เหล่ารุจิสวัสดิ์... [และคนอื่นๆ]
246 30 ^aปัญหาจิต ปัญหาใจปัญหาเด็ก..เด็ก..ปัญหาผู้ใหญ่แก้ไขได้ด้วยตัวคุณ
250    ^aพิมพ์ครั้งที่ 2
260    ^aกรุงเทพฯ :^bสรรพสาร,^c2551
300    ^a102 หน้า :^bภาพประกอบ ;^c21 ซม.
440  0 ^aความรู้ทางการแพทย์สู่ประชาชน
650  7 ^aสุขภาพจิต ^xรวมเรื่อง
650  7 ^aสุขภาพจิต ^xในวัยเด็ก
650  7 ^aสุขภาพจิต ^xในวัยผู้ใหญ่
700 0  ^aภุชงค์ เหล่ารุจิสวัสดิ์,^eบรรณาธิการ
710 2  ^aจุฬาลงกรณ์มหาวิทยาลัย^bคณะแพทยศาสตร์
945    ^p90^l0^i16151
995    ^aกัณชพร
999    ^aใช้งานได้ทุกระบบ
รายการนี้ยังไม่มีแท็ก
คุณยังไม่ได้ล็อกอิน คุณสามารถมีกิจกรรมร่วมกับเว็บไซต์ได้ แต่ต้องล็อกอินก่อน ::
  ล็อกอิน

รายการสื่อสารสนเทศ

ลำดับที่ ประเภท เลขเรียก/บาร์โค้ด สถานที่ สถานะ
1. วิทยาศาสตร์การแพทย์ และสุขภาพ
วิทยาศาสตร์การแพทย์ และสุขภาพ
WM105 ป525 2551  
  Barcode: 16151
ห้องสมุดวิทยาเขตสวรรค์ประชารักษ์
►ส่วนจัดเก็บหนังสือเก่า สปร
บนชั้น
  ขอยืม

BibComment


ยังไม่เคยถูกคอมเมนท์

คอมเมนท์ทรัพยากรรายการนี้
  คอมเมนท์: ปัญหาจิต ปัญหาใจ..


 Copyright 2026. Bcnsprnw @Library